000 00360nam a2200133Ia 4500
008 220217s9999||||xx |||||||||||||| ||und||
020 _a0-07-066468-4
082 _a621.382 2 PAP
100 _aPapoulis, Athanasios
_92945
245 0 _aSignal analysis
260 _aTata Mcgraw hill
_bNew York
_c1984
300 _b600
650 _aSIGNAL PROCESSING
_9719
999 _c170400
_d170400